000 01270nab a2200205 i 4500
001 170411
003 ES-MaACL
005 20250812063129.0
008 090304m18861887sp 000 0 spa d
100 1 _aBorrego, Andrés,
_d1802-1891
_930570
245 1 3 _aEl duque de Valencia - El programa, las tendencias y las vicisitudes del Partido Moderado - La revolución y la represión desde 1845 hasta 1868 - Sus consecuencias en la organización militar y política del país : 11ª conferencia [del ciclo "La España del siglo XIX", Ateneo Científico, Literario y Artístico de Madrid] /
_corador, Andrés Borrego.
600 1 7 _aValencia, Ramón María Narváez,
_cDuque de,
_d1800-1868
_2
_9130396
610 2 4 _aAteneo de Madrid-
_vConferencias-
_yS.XIX.
_91910
610 2 4 _aAteneo de Madrid-
_vObras digitalizadas.
_91930
773 0 _tLa España del siglo XIX : colección de conferencias históricas celebradas durante el curso de 1885-86 [y curso de 1886-87],
_dMadrid : Librería de Don Antonio San Martín, 1886-1887,
_gT.1, p. 448-499
_082158
_985194
_w82158
856 4 _uhttp://www.ateneodemadrid.com/biblioteca_digital/folletos/Folletos-0099.pdf
_zVer documento
942 _cANAM
_2udc
999 _c170411
_d170411